002390000a220007300045001000018000002450056000183000045000747730046001191 aWright, David10aWhat kind of theology for the twenty-first century? aVol. 17, Num. 2 (1999), Páginas 94-1130 tScottish Bulletin of Evangelical Theology